The Cambridge ancient history
Saved in:
| Format: | Bog |
|---|---|
| Sprog: | engelsk |
| Udgivet: |
Londres
Cambridge University Press
1989
|
| Udgivelse: | Second edition |
| Fag: | |
| Tags: |
Tilføj Tag
Ingen Tags, Vær først til at tagge denne postø!
|
MARC
| LEADER | 00000nam a2200000 a 4500 | ||
|---|---|---|---|
| 001 | UCO2283 | ||
| 003 | CL-VaPUC | ||
| 005 | 20230124153736.0 | ||
| 008 | 000602e19890000UK |||||||||||||||||eng|d | ||
| 999 | |c 288819 |d 288817 | ||
| 040 | |c Pontificia Universidad Católica de Valparaíso | ||
| 082 | 0 | 4 | |a 930 CAM 1989 |2 21 |
| 245 | 1 | 4 | |a The Cambridge ancient history |
| 250 | |a Second edition | ||
| 260 | |a Londres |b Cambridge University Press |c 1989 | ||
| 300 | |a volúmenes | ||
| 500 | |a v.7: The Rise of Rome to 220 B.C | ||
| 583 | |a last modification |c 20190801 09:25:58 |k Rodrigo Vera | ||
| 650 | 0 | |a Historia antigua |9 267521 | |
| 650 | 0 | |a Civilizaciones antiguas |9 265998 | |
| 650 | 0 | |a Geografía antigua |9 266056 | |
| 650 | 0 | |a Historia de Roma |9 315349 | |
| 650 | 0 | |a Historia de Grecia |9 267917 | |
| 942 | |c BK |2 ddc | ||
| 945 | |d 20000602 00:00:00 |a rherrera | ||
| 952 | |0 0 |1 0 |4 0 |6 930_000000000000000_CAM_1989 |7 0 |8 X |9 336755 |a BIBHIS |b BIBHIS |d 2019-11-20 |i 1284541 |o 930 CAM 1989 |p 1284541 |r 2024-01-30 |w 2019-11-20 |y BK_X |k HIS | ||